Antonio Lopes de Sá, filósofo de la contabilidad /
Gespeichert in:
| 1. Verfasser: | |
|---|---|
| Weitere Verfasser: | , , , , , |
| Format: | E-Book |
| Sprache: | Spanisch |
| Veröffentlicht: |
Bogotá :
Corporación Unificada Nacional de Educación Superior (CUN), Centro Universitario de Patos de Minas (UNIPAM), Academia Mineira de Ciencias Contabeis (AMICIC), Universidad Libre, Universidad La Gran Colombia, Institución Universitaria de Envigado,
2020.
|
| Schriftenreihe: | Biblioteca de Pensamiento Vivo ANTHOS Contable ;
tomo 3. |
| Schlagworte: | |
| Online-Zugang: | https://elibro.unach.elogim.com/es/lc/unach/titulos/226503 |
| Tags: |
Tag hinzufügen
Keine Tags, Fügen Sie den ersten Tag hinzu!
|
MARC
| LEADER | 00000nam a2200000 i 4500 | ||
|---|---|---|---|
| 001 | ELB226503 | ||
| 003 | FINmELB | ||
| 005 | 20230419121057.0 | ||
| 006 | m o u | ||
| 007 | cr cn||||||||| | ||
| 008 | 230314s2020 ck a ob 000 0 spa d | ||
| 020 | |a 9789585303195 |q (digital) | ||
| 020 | |z 9789585303188 | ||
| 035 | |a (OCoLC)1377205731 | ||
| 040 | |a FINmELB |b spa |e rda |c FINmELB | ||
| 050 | 4 | |a HF5635 |b .S874 2020 | |
| 080 | |a 657 | ||
| 082 | 0 | 4 | |a 657 |2 23 |
| 100 | 1 | |a Suárez Pineda, Jesús Alberto, |e autor. | |
| 245 | 1 | 0 | |a Antonio Lopes de Sá, filósofo de la contabilidad / |c Jesús Alberto Suárez Pineda, Liliam Betancur Jaramillo, Valério Nepomuceno, Rodrigo Antonio Chaves da Silva, Rafael Franco Ruiz, Vanessa Cano Mejía, Juan David Arias Suárez. |
| 264 | 1 | |a Bogotá : |b Corporación Unificada Nacional de Educación Superior (CUN), Centro Universitario de Patos de Minas (UNIPAM), Academia Mineira de Ciencias Contabeis (AMICIC), Universidad Libre, Universidad La Gran Colombia, Institución Universitaria de Envigado, |c 2020. | |
| 300 | |a 1 recurso en línea : |b retrato | ||
| 336 | |a texto |b txt |2 rdacontent/spa | ||
| 337 | |a computadora |b c |2 rdamedia/spa | ||
| 338 | |a recurso en línea |b cr |2 rdacarrier/spa | ||
| 490 | 1 | |a Biblioteca de Pensamiento Vivo ANTHOS Contable ; |v tomo 3 | |
| 504 | |a Incluye referencias y vocabulario. | ||
| 588 | |a Descripción basada en metadatos suministrados por el editor y otras fuentes. | ||
| 590 | |a Recurso electrónico. Santa Fe, Arg.: elibro, 2023. Disponible vía World Wide Web. El acceso puede estar limitado para las bibliotecas afiliadas a elibro. | ||
| 600 | 1 | 4 | |a Lopes de Sá, Antonio, |d 1927-2010 |x Crítica e interpretación. |
| 650 | 4 | |a Contabilidad |x Filosofía |x Teoría |z Brasil. | |
| 655 | 4 | |a Libros electrónicos. | |
| 700 | 1 | |a Betancur Jaramillo, Liliam, |e autor., |e autor. | |
| 700 | 1 | |a Nepomuceno, Valério, |e autor., |e autor. | |
| 700 | 1 | |a Chaves da Silva, Rodrigo Antonio, |e autor. | |
| 700 | 1 | |a Ruiz, Rafael Franco, |e autor. | |
| 700 | 1 | |a Cano Mejía, Vanessa, |e autor. | |
| 700 | 1 | |a Arias Suárez, Juan David, |e autor. | |
| 797 | 2 | |a elibro, Corp. | |
| 830 | 0 | |a Biblioteca de Pensamiento Vivo ANTHOS Contable ; |v tomo 3. | |
| 856 | 4 | 0 | |u https://elibro.unach.elogim.com/es/lc/unach/titulos/226503 |